Harry Potter and the Philosophers Stone Chapter 7 - Statistics

General Stats
  • This quiz has been taken 326 times
  • The average score is 7 of 10
Answer Stats
Question Answer % Correct
Where did Hermione read that the ceiling is bewitched to look like the sky outside Hogwarts: A History
90%
What coloured robes were Professor McGonagall wearing? Emerald Green
87%
What house did the Fat Friar hope for the students to be in? Hufflepuff
83%
Who was Professor Quirrall Talking to? Severus Snape
80%
Who is the only one that can control Peeves? The Bloody Baron
80%
What house were the first two students mentioned both in? Hufflepuff
73%
Who shouts 'We've got Potter!' Both
70%
What was the name of the Great Aunt that Neville mentioned? Enid
50%
How many years in a row had Slytherin won the house cup? 6
33%
Which ear was Neville's cloak fastened to? His left
33%
No matching quizzes found
Score Distribution
Percent of People with Each Score
Percentile by Number Answered
Your Score History
You have not taken this quiz